[Event "Antofagasta Zicosur op 2nd"]
[Site "Antofagasta"]
[Date "2016.01.09"]
[Round "8"]
[White "Zegarra Vargas, Alexis"]
[Black "Garmendia Vega, Sofia"]
[Result "1-0"]
[WhiteElo "1618"]
[BlackElo "1335"]
[PlyCount "91"]
[EventDate "2016.01.05"]
[EventType "swiss"]
[EventRounds "9"]
[EventCountry "CHI"]
[SourceTitle "CBM 170 Extra"]
[Source "ChessBase"]
[SourceDate "2016.02.25"]
[SourceVersion "1"]
[SourceVersionDate "2016.02.25"]
[SourceQuality "1"]

1. e4 c5 2. Nf3 d6 3. d4 cxd4 4. Nxd4 Nf6 5. Nc3 g6 6. Be3 Bg7 7. f3 0-0 8. Qd2 Nc6 9. Nxc6 bxc6 10. Bh6 Bd7 11. Bxg7 Kxg7 12. Bc4 Rb8 13. Bb3 a5 14. 0-0 Qb6+ 15. Kh1 Bc8 16. Na4 Qb5 17. c4 Qb4 18. Qc3 Qxc3 19. Nxc3 Ba6 20. Rfe1 e5 21. Na4 Rb4 22. c5 dxc5 23. Nxc5 Bc4 24. Bxc4 Rxc4 25. Rac1 Rxc1 26. Rxc1 Rd8 27. Kg1 Rd2 28. Na4 Nh5 29. g3 Rd4 30. b3 Rd2 31. Nc3 f5 32. exf5 gxf5 33. Rd1 Rxd1+ 34. Nxd1 Kf6 35. Nb2 Ke6 36. Nc4 Kd5 37. Nxa5 Kc5 38. Kf2 Nf6 39. Nc4 Kb4 40. Nxe5 Ng8 41. Nxc6+ Kb5 42. Nd4+ Kb4 43. Nxf5 Nf6 44. g4 Nd5 45. Ne3 Nc3 46. Nc2+ 1-0

[Event "Antofagasta Zicosur op 2nd"]
[Site "Antofagasta"]
[Date "2016.01.08"]
[Round "6"]
[White "Zegarra Vargas, Alexis"]
[Black "Recabarren Gajardo, Gonzalo Ivan"]
[Result "0-1"]
[WhiteElo "1618"]
[BlackElo "1866"]
[PlyCount "78"]
[EventDate "2016.01.05"]
[EventType "swiss"]
[EventRounds "9"]
[EventCountry "CHI"]
[SourceTitle "CBM 170 Extra"]
[Source "ChessBase"]
[SourceDate "2016.02.25"]
[SourceVersion "1"]
[SourceVersionDate "2016.02.25"]
[SourceQuality "1"]

1. e4 e6 2. d4 d5 3. Nc3 Bb4 4. e5 c5 5. Qg4 Kf8 6. Bd2 Nc6 7. Nf3 cxd4 8. Nb5 Bxd2+ 9. Kxd2 Qa5+ 10. Kd1 Nge7 11. Nbxd4 Bd7 12. Bd3 Nb4 13. Nb3 Nxd3 14. cxd3 Ba4 15. Nfd2 Rc8 16. Rc1 Rxc1+ 17. Kxc1 Bxb3 18. axb3 Qc7+ 19. Kb1 Qxe5 20. Qb4 Qb8 21. Nf3 f6 22. Nd4 Kf7 23. Re1 Nc6 24. Nxc6 bxc6 25. Qa4 Qb6 26. Rc1 Rc8 27. Qh4 Kg8 28. Qh3 c5 29. d4 c4 30. bxc4 Rb8 31. Rc2 dxc4 32. Kc1 Qa6 33. Qc3 Qa1+ 34. Kd2 Qf1 35. Qe3 Kf7 36. d5 Rb6 37. dxe6+ Rxe6 38. Qxa7+ Kg6 39. Kc3 Qd3+ 0-1

[Event "Antofagasta Zicosur op 2nd"]
[Site "Antofagasta"]
[Date "2016.01.06"]
[Round "2"]
[White "Zegarra Vargas, Alexis"]
[Black "Bulgarini Torre, Marco"]
[Result "0-1"]
[WhiteElo "1618"]
[BlackElo "1989"]
[PlyCount "46"]
[EventDate "2016.01.05"]
[EventType "swiss"]
[EventRounds "9"]
[EventCountry "CHI"]
[SourceTitle "CBM 170 Extra"]
[Source "ChessBase"]
[SourceDate "2016.02.25"]
[SourceVersion "1"]
[SourceVersionDate "2016.02.25"]
[SourceQuality "1"]

1. e4 e5 2. Nf3 Nc6 3. Bb5 Bc5 4. d3 Nge7 5. Be3 Bxe3 6. fxe3 0-0 7. 0-0 d5 8. Bxc6 Nxc6 9. exd5 Qxd5 10. Nc3 Qc5 11. Qe2 Bg4 12. Qf2 Rad8 13. Ne4 Qb6 14. Nfg5 Bh5 15. Rae1 h6 16. Qh4 Bg6 17. Nf6+ gxf6 18. Qxh6 fxg5 19. Rf6 Rd6 20. Rxd6 cxd6 21. Qxg5 Kg7 22. Rf1 f6 23. Qg3 f5 0-1

[Event "CHI-ch U20"]
[Site "San Carlos"]
[Date "2015.02.14"]
[Round "8"]
[White "Zegarra Vargas, Alexis"]
[Black "Romero Gonzalez, Juan Ignacio"]
[Result "0-1"]
[WhiteElo "1631"]
[BlackElo "1790"]
[PlyCount "57"]
[EventDate "2015.02.10"]
[EventType "swiss"]
[EventRounds "9"]
[EventCountry "CHI"]
[SourceTitle "CBM 164 Extra"]
[Source "ChessBase"]
[SourceDate "2015.03.02"]
[SourceVersion "1"]
[SourceVersionDate "2015.03.02"]
[SourceQuality "1"]

1. e4 c5 2. Nf3 e6 3. d4 cxd4 4. Nxd4 a6 5. Nc3 Qc7 6. Be3 Nf6 7. Be2 b5 8. a3 Bb7 9. f3 Be7 10. 0-0 d6 11. Rc1 Nbd7 12. Qe1 0-0 13. Qg3 Rfe8 14. Bd3 Nc5 15. f4 Ncxe4 16. Nxe4 Bxe4 17. Bxe4 Nxe4 18. Qg4 Bf8 19. f5 Nf6 20. Qh3 e5 21. Nf3 Nd5 22. Bg5 f6 23. Rfd1 Qc5+ 24. Kh1 fxg5 25. Nxg5 Nf6 26. b4 Qc4 27. Rb1 h6 28. Ne6 Ne4 29. Rf1 0-1

[Event "CHI-ch U20"]
[Site "San Carlos"]
[Date "2015.02.12"]
[Round "5"]
[White "Zegarra Vargas, Alexis"]
[Black "Carvallo Fuentes, Esteban"]
[Result "1-0"]
[WhiteElo "1631"]
[BlackElo "1102"]
[PlyCount "48"]
[EventDate "2015.02.10"]
[EventType "swiss"]
[EventRounds "9"]
[EventCountry "CHI"]
[SourceTitle "CBM 164 Extra"]
[Source "ChessBase"]
[SourceDate "2015.03.02"]
[SourceVersion "1"]
[SourceVersionDate "2015.03.02"]
[SourceQuality "1"]

1. e4 e5 2. Nf3 Nc6 3. d4 exd4 4. Nxd4 Bc5 5. Be3 Qf6 6. c3 Nge7 7. Bc4 Ne5 8. Bb3 c6 9. 0-0 d6 10. Nd2 Qg6 11. Bf4 Bh3 12. Bg3 Bg4 13. N2f3 h5 14. Bxe5 dxe5 15. Nxe5 Qh7 16. Bxf7+ Kf8 17. Qb3 b6 18. h3 g6 19. Be6 Bxe6 20. Qxe6 Rd8 21. Nd7+ Kg7 22. Nxc5 bxc5 23. Qxe7+ Kh6 24. Qxh7+ Rxh7 1-0